Länder Europas nach Fläche (beliebige Reihenfolge) - Statistiken

Allgemein
  • Dieses Quiz wurde 17 mal gespielt
    16 seit der letzten Aktualisierung
  • Das Durchschnittsergebnis liegt bei 42 aus 43
Antwortstatistiken
Hint Antwort % Korrekt
468 km² Andorra
100%
207'600 km² Belarus
100%
110'879 km² Bulgarien
100%
2'209'180 km² Dänemark
100%
357'022 km² Deutschland
100%
338'145 km² Finnland
100%
643'801 km² Frankreich
100%
131'957 km² Griechenland
100%
243'610 km² Grossbritannien
100%
301'340 km² Italien
100%
56'594 km² Kroatien
100%
160 km² Liechtenstein
100%
2'586 km² Luxemburg
100%
13'812 km² Montenegro
100%
41'543 km² Niederlande
100%
25'713 km² Nordmazedonien
100%
323'802 km² Norwegen
100%
83'871 km² Österreich
100%
312'685 km² Polen
100%
92'090 km² Portugal
100%
238'391 km² Rumänien
100%
17'098'242 km² Russland
100%
61 km² San Marino
100%
450'295 km² Schweden
100%
41'277 km² Schweiz
100%
49'035 km² Slowakei
100%
20'273 km² Slowenien
100%
505'370 km² Spanien
100%
78'867 km² Tschechien
100%
603'550 km² Ukraine
100%
93'028 km² Ungarn
100%
28'748 km² Albanien
92%
30'528 km² Belgien
92%
51'197 km² Bosnien und Herzegowina
92%
45'228 km² Estland
92%
70'273 km² Irland
92%
103'000 km² Island
92%
65'300 km² Litauen
92%
316 km² Malta
92%
2 km² Monaco
92%
77'474 km² Serbien
92%
64'589 km² Lettland
85%
33'851 km² Moldau
77%
Keine übereinstimmenden Quizze gefunden
Verteilung der Resultate
Anzahl Personen mit jedem Resultat
Perzentil nach korrekt beantworteten Fragen
Ihre Resultats-Entwicklung
Sie haben dieses Quiz seit der letzten Aktualisierung nicht gespielt